Estudio de prefactibilidad de edificio de estacionamiento San Miguel, Mercado Oriental, Managua
Presenta un estudio de pre factibilidad donde se analizan la oferta y demanda de estacionamientos en la zona y la forma de rentabilizar el terreno aprovechando la cantidad e metros cuadrados y la ubicación estratégica sobre la última calle transitada.
| Main Author: | |
|---|---|
| Other Authors: | |
| Format: | Tesis Section = Libro |
| Language: | Undetermined Spanish |
| Published: |
Managua
UNI
2018
|
| Subjects: |
| LEADER | 01092nam a2200253Ia 4500 | ||
|---|---|---|---|
| 008 | 240830s9999 xx 000 0 und d | ||
| 040 | |a BIBLIOTECA-RUSB/ M.Mon 658.404 B188 | ||
| 041 | |a spa | ||
| 082 | |a M.Mon 658.404 B188 | ||
| 100 | 1 | |a Balladares Saballos, Deborah | |
| 245 | 1 | 0 | |a Estudio de prefactibilidad de edificio de estacionamiento San Miguel, Mercado Oriental, Managua |
| 260 | |a Managua |b UNI |c 2018 | ||
| 300 | |a 89 p. :il. | ||
| 500 | |a Contiene anexos. | ||
| 502 | |a Tesis (Máster en Gerencia de Proyectos de Desarrollo) - UNI, 2018. | ||
| 520 | 3 | |a Presenta un estudio de pre factibilidad donde se analizan la oferta y demanda de estacionamientos en la zona y la forma de rentabilizar el terreno aprovechando la cantidad e metros cuadrados y la ubicación estratégica sobre la última calle transitada. | |
| 650 | 7 | |a ESTUDIOS DE FACTIBILIDAD | |
| 650 | 7 | |b construcción DE PARQUEO VEHICULAR- PROYECTOS | |
| 650 | 7 | |c PRESUPUESTO | |
| 650 | 7 | |d ESTUDIO DE IMPACTO AMBIENTAL | |
| 700 | 1 | |a Tutor: |b Ramón García, Juan | |
| 942 | |c BK |2 ddc | ||
| 991 | |a TESIS | ||
| 999 | |c 19431 | ||